01309nam a2200265 i 4500001001000000003000900010005001700019007000300036008004100039040003000080082002000110100006600130245006600196264005000262300005500312336002700367337003300394338002800427500007300455590002600528942001400554952021200568952024600780999001701026000033414DO-SdBNP20241021133438.0ta110829s1984 dr ac 000 0 spa d aDO-SdBNPbspacBNPHUerda 4axxxxbB891p2221 aBrugal Paiewonsky, Rafael Alberto,d1944-eautor4aut.95897510aPuerto Plata Siglo XVI y otros ensayos /cRafael A. Brugal P. 4aSanto Domingo :bEditora Alfa & Omega,c1984. a216 páginas :bilustraciones, retratos ;c21 cm. atextobtxt2rdacontent asin mediaciónbn2rdamedia avolumenbnc2rdacarrier aIncluye referencias bibliográficas y notas al pie de las páginas aInventariado, 2024/BT 2ddccLBS1 00102ddc51708PDaBNPHUbBNPHUcCTd2011-08-29eDonaciónl0oBNPHU PD B891pp33414-10r2020-06-25w2020-06-25yLBS1zPerteneció a la biblioteca personal de Juan Isidro Jimenes Grullón.ZNo se presta 00102ddc51708PDaBNPHUbBNPHUcCTd2024-10-21eDonado por la Presidencia de la República Dominicana 2023.l0oBNPHU PD B891pp2024-6019r2024-10-21te.2w2024-10-21yLBS1zPerteneció a la biblioteca personal de Emilio Cordero Michel. c32905d32905